00649nam a2200241 a 4500001001300000003000900013005001700022008004100039020001000080082001500090100002200105245001400127260003700141300000900178500003500187505001700222650002200239700002200261902000800283942000700291952009400298999001500392nice12345678IN_TiNIC20260116011520.0050524s1891 lona grp 000 0 eng  ac10000a939.4bRAW aRawlinson, George aPhoenicia aLondonbG.P. Putnam`s Sonsc1891 a376p aincludes index and biblioraphy2 aindex, illus aPhoenicia-History1 aRawlinson, George bSRS cBK 00104070aHMIbHMId2007-04-02g100.00l0o939.4 RAWp489r2007-04-02w2026-01-16yARB c2214d2214